Evaluación del sistema de riego, por aspersión en el Centro Nacional de Investigación Agropecuaria y Biotecnología INTA-CNIAB
Presenta una evaluación del sistema de riego por aspersión en el Centro Nacional de Investigación Agropecuaria y Biotecnología, con el propósito de lograr eficiencia en la aplicación del agua de riego. Que va de la fuente de almacenamiento a la parcela de riego y a la vez estudia posibles prop...
| Main Authors: | , |
|---|---|
| Other Authors: | |
| Format: | Tesis Section = Libro |
| Language: | Undetermined Spanish |
| Published: |
Managua
UNI
2016
|
| Subjects: |
| LEADER | 01272nam a2200289Ia 4500 | ||
|---|---|---|---|
| 008 | 240830s9999 xx 000 0 und d | ||
| 040 | |a BIBLIOTECA-RUPAP Mon 631.587 G984 | ||
| 041 | |a spa | ||
| 082 | |a Mon 631.587 G984 | ||
| 100 | 1 | |a Gutiérrez Peralta, Maura Josefina | |
| 100 | 1 | |b Días Huete, Gema Noraya | |
| 245 | 1 | 0 | |a Evaluación del sistema de riego, por aspersión en el Centro Nacional de Investigación Agropecuaria y Biotecnología INTA-CNIAB |
| 260 | |a Managua |b UNI |c 2016 | ||
| 300 | |a 103 p. :il. | ||
| 500 | |a Contiene: anexos e Incluye: CD. | ||
| 502 | |a Tesis (Ingeniero Agrícola)- UNI, 2016. | ||
| 520 | 3 | |a Presenta una evaluación del sistema de riego por aspersión en el Centro Nacional de Investigación Agropecuaria y Biotecnología, con el propósito de lograr eficiencia en la aplicación del agua de riego. Que va de la fuente de almacenamiento a la parcela de riego y a la vez estudia posibles propuestas de mejoramiento. | |
| 650 | 7 | |a RIEGO POR ASPERSION | |
| 650 | 7 | |b RIEGO-SISTEMA | |
| 650 | 7 | |c SUMINISTRO DE AGUA | |
| 650 | 7 | |d ABASTECIMIENTO DE AGUA | |
| 650 | 7 | |e SUELO | |
| 650 | 7 | |f INVESTIGACION AGROPECUARIA | |
| 700 | 1 | |a Tutor: |b González Arias, Horacio José | |
| 942 | |c BK |2 ddc | ||
| 991 | |a TESIS | ||
| 999 | |c 16677 | ||